[Event "GER-ch48 final email"]
[Site "GER email"]
[Date "2018.09.24"]
[Round "?"]
[White "Hesse, Olaf"]
[Black "Scheiba, Manfred"]
[Result "1/2-1/2"]
[WhiteElo "2450"]
[BlackElo "2420"]
[PlyCount "69"]
[EventDate "2018.??.??"]
[EventType "tourn (corr)"]
[EventRounds "14"]
[EventCountry "GER"]
[SourceTitle "Corr 2022"]
[Source "ChessBase"]
[SourceDate "2021.10.24"]
[SourceVersion "1"]
[SourceVersionDate "2021.10.24"]
[SourceQuality "1"]

1. e4 c5 2. Nf3 Nc6 3. d4 cxd4 4. Nxd4 Nf6 5. Nc3 e5 6. Ndb5 d6 7. Bg5 a6 8. Na3 b5 9. Nd5 Be7 10. Bxf6 Bxf6 11. c3 Rb8 12. Nc2 Bg5 13. a4 bxa4 14. Ncb4 Nxb4 15. Nxb4 Bd7 16. Bxa6 Qa5 17. Qxd6 Rb6 18. Qd3 Be7 19. Nd5 Rxb2 20. 0-0 Qc5 21. Rad1 Bc6 22. Nxe7 Kxe7 23. Qg3 g6 24. Rd5 Bxd5 25. Qxe5+ Kd7 26. Qxh8 Be6 27. Rd1+ Kc6 28. Qa8+ Kc7 29. Qd8+ Kc6 30. Kh1 a3 31. e5 Qxe5 32. Qa8+ Kc7 33. Qa7+ Kc6 34. c4 a2 35. Bb5+ 1/2-1/2

[Event "GER-ch48 final email"]
[Site "GER email"]
[Date "2018.09.24"]
[Round "?"]
[White "Koerber, Bernhard"]
[Black "Scheiba, Manfred"]
[Result "1/2-1/2"]
[WhiteElo "2413"]
[BlackElo "2420"]
[PlyCount "99"]
[EventDate "2018.??.??"]
[EventType "tourn (corr)"]
[EventRounds "14"]
[EventCountry "GER"]
[SourceTitle "Corr 2022"]
[Source "ChessBase"]
[SourceDate "2021.10.24"]
[SourceVersion "1"]
[SourceVersionDate "2021.10.24"]
[SourceQuality "1"]

1. e4 c5 2. Nc3 Nc6 3. f4 g6 4. Nf3 Bg7 5. Bb5 Nd4 6. 0-0 Nxb5 7. Nxb5 d6 8. d3 Nf6 9. Qe1 Bd7 10. Nc3 Bc6 11. Bd2 0-0 12. f5 c4 13. Kh1 Qb6 14. Rb1 cxd3 15. cxd3 Qa6 16. Qe2 b5 17. a3 Qb7 18. Nd4 Bd7 19. Bg5 h6 20. Bxf6 Bxf6 21. Nc2 e6 22. Qf3 a5 23. fxe6 fxe6 24. Qg3 g5 25. Qxd6 Qc6 26. Qxc6 Bxc6 27. d4 Bg7 28. b4 axb4 29. Rxf8+ Rxf8 30. Nxb4 Bb7 31. e5 Rf2 32. Rg1 Rd2 33. Nxb5 Bf8 34. h3 Be7 35. Kh2 Kg7 36. d5 Bxd5 37. Nxd5 Rxd5 38. a4 Rxe5 39. Rc1 Kf6 40. Rf1+ Kg6 41. Rf2 h5 42. Ra2 Bd8 43. g3 Ba5 44. Nd6 Rd5 45. Nb5 e5 46. Kg2 Rd3 47. g4 h4 48. Ra3 Rd2+ 49. Kf3 Kf6 50. Ke4 1/2-1/2

[Event "GER-ch48 final email"]
[Site "GER email"]
[Date "2018.09.24"]
[Round "?"]
[White "Scheiba, Manfred"]
[Black "Franke, Heiko"]
[Result "1/2-1/2"]
[WhiteElo "2420"]
[BlackElo "2393"]
[PlyCount "54"]
[EventDate "2018.??.??"]
[EventType "tourn (corr)"]
[EventRounds "14"]
[EventCountry "GER"]
[SourceTitle "Corr 2020"]
[Source "ChessBase"]
[SourceDate "2019.09.30"]
[SourceVersion "1"]
[SourceVersionDate "2019.09.30"]
[SourceQuality "1"]

1. e4 c5 2. Nc3 Nc6 3. Nf3 e5 4. Bc4 Be7 5. d3 Nf6 6. Nd2 d6 7. Nf1 Bg4 8. f3 Be6 9. Ne3 0-0 10. 0-0 a6 11. a3 b5 12. Ba2 Qd7 13. Ncd5 Bd8 14. c3 Rb8 15. Bd2 h6 16. Qe2 Re8 17. g3 Nh7 18. b4 Ne7 19. Nxe7+ Qxe7 20. Bxe6 Qxe6 21. Kg2 Bg5 22. Nd5 Bxd2 23. Qxd2 Rec8 24. Ne3 Nf6 25. d4 cxd4 26. cxd4 Rc7 27. Rac1 Rbc8 1/2-1/2

[Event "GER-ch48 final email"]
[Site "GER email"]
[Date "2018.09.24"]
[Round "?"]
[White "Scheiba, Manfred"]
[Black "Hanel, Roland"]
[Result "1/2-1/2"]
[WhiteElo "2420"]
[BlackElo "2348"]
[PlyCount "53"]
[EventDate "2018.??.??"]
[EventType "tourn (corr)"]
[EventRounds "14"]
[EventCountry "GER"]
[SourceTitle "Corr 2020"]
[Source "ChessBase"]
[SourceDate "2019.09.30"]
[SourceVersion "1"]
[SourceVersionDate "2019.09.30"]
[SourceQuality "1"]

1. e4 c5 2. Nc3 Nc6 3. Nf3 e5 4. Bc4 g6 5. d3 h6 6. a3 d6 7. b4 Bg7 8. Be3 b6 9. Nd5 Nge7 10. c3 Bd7 11. d4 cxd4 12. cxd4 exd4 13. Nxd4 0-0 14. Nxc6 Bxc6 15. Rc1 Bxd5 16. Bxd5 Nxd5 17. Qxd5 Re8 18. 0-0 Re5 19. Qc6 d5 20. exd5 Rxd5 21. h4 Rd6 22. Qe4 Rc8 23. g3 Rxc1 24. Rxc1 Rd1+ 25. Rxd1 Qxd1+ 26. Kh2 Qd7 27. b5 1/2-1/2

[Event "GER-ch48 final email"]
[Site "GER email"]
[Date "2018.09.24"]
[Round "?"]
[White "Scheiba, Manfred"]
[Black "Schaefer, Uwe"]
[Result "1/2-1/2"]
[WhiteElo "2420"]
[BlackElo "2460"]
[PlyCount "34"]
[EventDate "2018.??.??"]
[EventType "tourn (corr)"]
[EventRounds "14"]
[EventCountry "GER"]
[SourceTitle "Corr 2022"]
[Source "ChessBase"]
[SourceDate "2021.10.24"]
[SourceVersion "1"]
[SourceVersionDate "2021.10.24"]
[SourceQuality "1"]

1. e4 c5 2. Nc3 Nc6 3. Nf3 g6 4. d4 cxd4 5. Nxd4 Bg7 6. Be3 Nf6 7. Bc4 0-0 8. Bb3 d6 9. f3 Bd7 10. Qd2 Nxd4 11. Bxd4 b5 12. a4 bxa4 13. Bxa4 Qc7 14. Bxf6 Bxf6 15. Nd5 Qb7 16. Nxf6+ exf6 17. Bxd7 Qxd7 1/2-1/2

[Event "GER-ch48 final email"]
[Site "GER email"]
[Date "2018.09.24"]
[Round "?"]
[White "Scheiba, Manfred"]
[Black "Tauber, Hans"]
[Result "1/2-1/2"]
[WhiteElo "2420"]
[BlackElo "2511"]
[PlyCount "61"]
[EventDate "2018.??.??"]
[EventType "tourn (corr)"]
[EventRounds "14"]
[EventCountry "GER"]
[SourceTitle "Corr 2022"]
[Source "ChessBase"]
[SourceDate "2021.10.24"]
[SourceVersion "1"]
[SourceVersionDate "2021.10.24"]
[SourceQuality "1"]

1. e4 e6 2. d4 d5 3. Nc3 Bb4 4. e5 c5 5. a3 Bxc3+ 6. bxc3 Qa5 7. Bd2 Qa4 8. Qb1 c4 9. Ne2 Nc6 10. Nf4 Bd7 11. Be2 0-0-0 12. 0-0 f6 13. Bg4 f5 14. Be2 g5 15. Nh5 h6 16. f4 g4 17. h3 gxh3 18. gxh3 Be8 19. Kh2 Bxh5 20. Bxh5 Nge7 21. Be1 b5 22. Bh4 Kd7 23. Qb2 Rhg8 24. Bf6 a6 25. Rf3 Rdf8 26. Rf2 Rb8 27. Re1 Rbf8 28. Ra1 Rb8 29. Rff1 Rbf8 30. Rae1 Rb8 31. Bf7 1/2-1/2